000
00423nam a2200145Ia 4500
008
100122s9999 xx 000 0 und d
082
_b
1542
_a
823
100
_a
भिडे भि गो
245
_a
दिव्य प्रेम
260
_b
प्रकाशक शोधणे
_c
1924
300
_a
55
630
_a
दिव्य प्रेम
730
_a
दिव्य प्रेम
942
_c
BOOK
999
_c
396274
_d
396271